Análisis de mejoras de transmisión bandwidth por agregación de portadora en cluster LTE-Advanced mediante Software productivo
El presente proyecto tiene como finalidad de continuar explorando las últimas tecnologías en materia de comunicaciones móviles, e igual incentivar su estudio mediante el desarrollo de trabajos académicos como el presente proyecto de finalización de estudios.
| Main Author: | |
|---|---|
| Other Authors: | |
| Format: | Tesis Section = Libro |
| Language: | Undetermined Spanish |
| Published: |
Managua
UNI
2014
|
| Subjects: |
| LEADER | 01112nam a2200253Ia 4500 | ||
|---|---|---|---|
| 008 | 240830s9999 xx 000 0 und d | ||
| 040 | |a BIBLIOTECA-RUSB/ Mon 621.38456 J37 | ||
| 041 | |a spa | ||
| 082 | |a Mon 621.38456 J37 | ||
| 100 | 1 | |a Jarquín Sevilla, Irvin Osmany | |
| 245 | 1 | 0 | |a Análisis de mejoras de transmisión bandwidth por agregación de portadora en cluster LTE-Advanced mediante Software productivo |
| 260 | |a Managua |b UNI |c 2014 | ||
| 300 | |a 95 p. :il. | ||
| 500 | |a Contiene: anexos. | ||
| 502 | |a Tesis (Ingeniero en Computación) - UNI, 2014. | ||
| 520 | 3 | |a El presente proyecto tiene como finalidad de continuar explorando las últimas tecnologías en materia de comunicaciones móviles, e igual incentivar su estudio mediante el desarrollo de trabajos académicos como el presente proyecto de finalización de estudios. | |
| 650 | 7 | |a SISTEMA MOVIL DE COMUNICACION | |
| 650 | 7 | |b REDES DE BANDA ANCHAS | |
| 650 | 7 | |c SISTEMAS DE TELECOMUNICACION | |
| 650 | 7 | |d TELEFONIA | |
| 700 | 1 | |a Tutor: |b Hernández García, Enrique José | |
| 942 | |c BK |2 ddc | ||
| 991 | |a TESIS | ||
| 999 | |c 20308 | ||